| 000 | 00362nam a2200157Ia 4500 | ||
|---|---|---|---|
| 008 | 230524s9999 xx 000 0 und d | ||
| 082 |
_a530.14 _bRAJ |
||
| 100 | _aB.S.Rajput | ||
| 245 | 0 | _aMathematical Physics | |
| 250 | _a18TH | ||
| 260 |
_aNEW DELHI _bPragati _c2005 |
||
| 300 | _a1328 | ||
| 500 | _aQuantity Number: 2 | ||
| 650 | _aPhysics | ||
| 942 | _cBK | ||
| 999 |
_c16033 _d16033 |
||